UM Logo

Trainees' use of supervision for therapy with sexual minority clients: (Record no. 24164)

MARC details
000 -LEADER
fixed length control field 00977nam a22002297a 4500
003 - CONTROL NUMBER IDENTIFIER
control field OSt
005 - DATE AND TIME OF LATEST TRANSACTION
control field 20251110172817.0
008 - FIXED-LENGTH DATA ELEMENTS--GENERAL INFORMATION
fixed length control field 251106b |||||||| |||| 00| 0 eng d
040 ## - CATALOGING SOURCE
Transcribing agency 0
082 ## - DEWEY DECIMAL CLASSIFICATION NUMBER
Classification number DPer 361.05 J826 January 2018 v. 65 n. 1
100 ## - MAIN ENTRY--PERSONAL NAME
Personal name Chui, Harold.
Relator term author.
9 (RLIN) 58751
245 ## - TITLE STATEMENT
Title Trainees' use of supervision for therapy with sexual minority clients:
Remainder of title A qualitative study.
Statement of responsibility, etc. Harold Chui, Kathryn S. Ziemer, Kevin J. McGann, Mary Ann Hoffman, and Jessica Stahl.
260 ## - PUBLICATION, DISTRIBUTION, ETC. (IMPRINT)
Place of publication, distribution, etc. U.S.A ;
Name of publisher, distributor, etc. American Psychological Association ,
Date of publication, distribution, etc. January 2018.
300 ## - PHYSICAL DESCRIPTION
Extent Volume 65, pages 36-50 :
Other physical details illustraton ;
Dimensions 28 cm.
500 ## - GENERAL NOTE
General note Journal of Counseling Psychology, vol. 65, no. 1, pages 36-50, January 2018.
700 ## - ADDED ENTRY--PERSONAL NAME
Personal name Chui, Harold.
Relator term author.
9 (RLIN) 58751
700 ## - ADDED ENTRY--PERSONAL NAME
Personal name Ziemer, Kathryn S.
Relator term author.
9 (RLIN) 69278
700 ## - ADDED ENTRY--PERSONAL NAME
Personal name McGann, Kevin J.
Relator term author.
9 (RLIN) 69279
700 ## - ADDED ENTRY--PERSONAL NAME
Personal name Hoffman, Mary Ann.
Relator term author.
9 (RLIN) 69280
Dates associated with a name a
700 ## - ADDED ENTRY--PERSONAL NAME
Personal name Stahl, Jessica.
Relator term author.
9 (RLIN) 69281
942 ## - ADDED ENTRY ELEMENTS (KOHA)
Source of classification or shelving scheme Dewey Decimal Classification
Koha item type Periodicals
Holdings
Withdrawn status Lost status Source of classification or shelving scheme Damaged status Not for loan Collection code Home library Current library Date acquired Total Checkouts Full call number Date last seen Price effective from Koha item type Public note
    Dewey Decimal Classification     Periodicals UM Digos College - LIC UM Digos College - LIC 11/06/2025   DPer 361.05 J826 January 2018 v. 65 n. 1 11/06/2025 11/06/2025 Periodicals Periodical Article